LEADER 01146nam a2200265 u 4500 001 000000041253 003 CaOOAMICUS 005 20070226114207.0 008 981120s1996 it d u000 u ita u 020 $a8841525924 035 $a10808488 040 $aMSA$bita$dPUL(R) 245 02$aL'enciclopedia della filosofia e delle scienze umane. 260 $aNovara :$bIstituto Geografico De Agostini,$cc1996. 300 $a1118 p. :$bdiagr. ;$c24 cm 500 $a"Presentazione di Eugenio Garin". 504 $aBibliografia: p. 1090-1106. 650 4$aFilosofia$xEnciclopedie e dizionari.$0(OLS)http://pul/subject/7761 650 4$aScienze umane$xEnciclopedie e dizionari.$0(OLS)http://pul/subject/18612 850 $aPUL 852 $aPUL$W1$xSL Cons. Gen., Altre Classi 1$y1$m2015.$j55922$nBK-PRI$b $qStampati$B55922$CPULBib$Z2$F55922 $H $81 941 1 $a8 996 $6020$a8841525924$9(OLS)http://pul/number/51377 996 $6245$aL'enciclopedia della filosofia e delle scienze umane$9(OLS)http://pul/title/55678 996 $6260$aNovara :$bIstituto Geografico De Agostini$9(OLS)http://pul/publisher/50139 LEADER 01395nam a2200289 a 4500 001 000000162136 003 CaOOAMICUS 005 20170720110526.0 008 170720s1988 it m 001 u eng r 032 $aLibriCat 040 $aPUL$bita 100 1 $aSarno, Robert J.$0(OLS)http://pul/name/81729 245 10$aDiocesan inquiries required by the legislator in the new legislation for the Causes of the Saints / $cauctore rev. Msgr. Robert J. Sarno. 260 $aRoma :$bPontificia Università Gregoriana,$c1988. 300 $aXIV, 143 p. ;$c24 cm. 502 $aTesi -- Pontificia Universitas Gregoriana. Facultas iuris canonici. 1988. 504 $aBibliografia in nota. 650 4$aBeatificazione e canonizzazione.$0(OLS)http://pul/subject/1480 710 2 $aPontificia Università Gregoriana.$bFacoltà di diritto canonico.$kTesi.$0(OLS)http://pul/name/81757 850 $aPUL 852 $aPUL$W1$xDP1 Tesi Pon. Univ. Gregoriana$y40$mTH PUG 3459$j186121$qTesi$B189342$CPULBib$Z2$F189342 $H60005 $82 941 1 $a16 960 $aCanonizzazione$91480 960 $aCanonizzazione$91480 996 $6245$aDiocesan inquiries required by the legislator in the new legislation for the Causes of the Saints / $9(OLS)http://pul/title/201899 996 $6260$aRoma :$bPontificia Università Gregoriana$9(OLS)http://pul/publisher/47853